000
00223 a2200097 4500
001
14906
100
_a
Luce H.R
245
_a
Time capsule 1933
260
_a
New York
_b
Time incorporated New York
_c
090
_c
11673
_d
11673
942
_a
NUST-CAE
_c
1862
_c
M
999
_c
249979
_d
249979